[Event "Gausdal Classics Elo"]
[Site "Gausdal NOR"]
[Date "2005.04.13"]
[Round "1"]
[White "Aandal, Kristian"]
[Black "Svensen, Tarjei Joten"]
[Result "1/2-1/2"]
[WhiteElo "1918"]
[BlackElo "2099"]
[PlyCount "30"]
[EventDate "2005.04.14"]
[EventType "swiss"]
[EventRounds "9"]
[EventCountry "NOR"]
[Source "lmi"]
[SourceDate "2005.04.22"]

1. d4 d5 2. c4 c6 3. Nf3 Nf6 4. e3 e6 5. Nc3 Nbd7 6. Bd3 dxc4 7. Bxc4 b5 8. Bd3
Bb7 9. O-O a6 10. e4 c5 11. d5 c4 12. Bc2 Qc7 13. dxe6 fxe6 14. a3 O-O-O 15.
Qe2 Nc5 1/2-1/2

[Event "Gausdal Classics Elo"]
[Site "Gausdal NOR"]
[Date "2005.04.13"]
[Round "1"]
[White "Gupta, Sudhir"]
[Black "Valla, Martin"]
[Result "0-1"]
[WhiteElo "1412"]
[BlackElo "2050"]
[PlyCount "152"]
[EventDate "2005.04.14"]
[EventType "swiss"]
[EventRounds "9"]
[EventCountry "NOR"]
[Source "lmi"]
[SourceDate "2005.04.22"]

1. d4 Nf6 2. Nf3 g6 3. e3 Bg7 4. c4 c5 5. Be2 cxd4 6. Nxd4 Qa5+ 7. Bd2 Qb6 8.
Qb3 Qxb3 9. axb3 Nc6 10. Nxc6 bxc6 11. Nc3 O-O 12. O-O d5 13. Bf3 Rd8 14. cxd5
cxd5 15. Ra5 e6 16. Rc1 a6 17. b4 Rb8 18. b5 Ne4 19. Be1 Nxc3 20. Bxc3 Rxb5 21.
Rxb5 axb5 22. Bxg7 Kxg7 23. Rc5 Bd7 24. g3 Rc8 25. Rxc8 Bxc8 26. Kf1 Kf6 27.
Ke2 b4 28. Kd3 Ke7 29. e4 dxe4+ 30. Bxe4 Ba6+ 31. Kc2 Kd6 32. Kd2 Kc5 33. Ke3
e5 34. h4 f5 35. Bb1 Bb7 36. Ba2 Bd5 37. Bb1 Be4 38. Ba2 Bc6 39. Bg8 h6 40. Bh7
Be8 41. Bg8 g5 42. hxg5 hxg5 43. Be6 Bg6 44. Bg8 f4+ 45. gxf4 exf4+ 46. Kf3 Bf5
47. Bf7 Kd4 48. Ba2 Ke5 49. Ke2 g4 50. Bc4 Be4 51. Ke1 Kd4 52. Be2 g3 53. fxg3
fxg3 54. Bh5 Ke3 55. Kf1 Kd2 56. Bf7 Kc2 57. b3 Kc3 58. Kg1 Kd4 59. Bg8 Ke5 60.
Bf7 Bd5 61. Bg6 Bxb3 62. Bb1 Bd5 63. Bc2 Kd4 64. Ba4 Kc3 65. Bd1 b3 66. Bxb3
Kxb3 67. Kf1 Kc3 68. Kg1 Kd4 69. Kf1 Ke3 70. Kg1 Kf3 71. Kf1 g2+ 72. Kg1 Bg8
73. Kh2 Kf2 74. Kh3 g1=Q 75. Kh4 Qg6 76. Kh3 Qh5# 0-1

[Event "Gausdal Classics Elo"]
[Site "Gausdal NOR"]
[Date "2005.04.13"]
[Round "1"]
[White "Hobber, Anders"]
[Black "Bryn, Askild"]
[Result "0-1"]
[WhiteElo "1186"]
[BlackElo "2027"]
[PlyCount "58"]
[EventDate "2005.04.14"]
[EventType "swiss"]
[EventRounds "9"]
[EventCountry "NOR"]
[Source "lmi"]
[SourceDate "2005.04.22"]

1. d4 f5 2. Bg5 d6 3. Nf3 Nd7 4. e3 Ngf6 5. Bd3 g6 6. c4 Bg7 7. Nc3 O-O 8. O-O
c6 9. Bc2 e5 10. dxe5 dxe5 11. e4 f4 12. Qd2 h6 13. Bxf6 Qxf6 14. b4 g5 15. Bb3
g4 16. Ne1 Qh4 17. c5+ Kh7 18. f3 g3 19. h3 Nf6 20. Nc2 Nh5 21. Rad1 Rf6 22.
Qd8 Bxh3 23. Qxa8 Rf8 24. Qxf8 Bxf8 25. gxh3 Qxh3 26. Rd2 g2 27. Rxg2 Ng3 28.
Rxg3 fxg3 29. Rd1 Qh2+ 0-1

[Event "Gausdal Classics Elo"]
[Site "Gausdal NOR"]
[Date "2005.04.13"]
[Round "1"]
[White "Johansson, Per"]
[Black "Tallaksen, Levi Andre"]
[Result "0-1"]
[WhiteElo "2048"]
[BlackElo "1391"]
[PlyCount "90"]
[EventDate "2005.04.14"]
[EventType "swiss"]
[EventRounds "9"]
[EventCountry "NOR"]
[Source "lmi"]
[SourceDate "2005.04.22"]

1. d4 Nf6 2. Nf3 e6 3. c4 b6 4. g3 Bb7 5. Bg2 d6 6. O-O Nbd7 7. Nc3 Be7 8. Qc2
O-O 9. e4 e5 10. dxe5 dxe5 11. Nh4 Re8 12. Nf5 Bf8 13. Bg5 h6 14. Bxf6 Nxf6 15.
Rad1 Qb8 16. Nd5 Nxd5 17. cxd5 Ba6 18. Rfe1 Qb7 19. Rc1 g6 20. Ne3 Re7 21. Red1
Bg7 22. d6 cxd6 23. Rxd6 Rd7 24. Rxd7 Qxd7 25. Rd1 Qe6 26. Nd5 Rc8 27. Qa4 b5
28. Qa5 Rc6 29. Bf1 Kh7 30. Bxb5 Bxb5 31. Qxb5 Bf8 32. Qb8 Kg7 33. Nc3 Qf6 34.
Nd5 Qe6 35. Qxa7 Ra6 36. Qe3 Rxa2 37. Qc3 Ra7 38. f4 Bd6 39. Ne3 Rc7 40. Qd3
Bc5 41. Kf2 exf4 42. gxf4 Qh3 43. Qc3+ Kh7 44. Rd3 Bxe3+ 45. Rxe3 Rxc3 0-1

[Event "Gausdal Classics Elo"]
[Site "Gausdal NOR"]
[Date "2005.04.13"]
[Round "1"]
[White "Nyland, Thomas"]
[Black "Carlsen, Ellen Oen"]
[Result "1-0"]
[WhiteElo "2090"]
[BlackElo "1871"]
[PlyCount "79"]
[EventDate "2005.04.14"]
[EventType "swiss"]
[EventRounds "9"]
[EventCountry "NOR"]
[Source "lmi"]
[SourceDate "2005.04.22"]

1. e4 c5 2. Nf3 Nc6 3. Bb5 g6 4. Bxc6 dxc6 5. d3 Bg7 6. Nc3 Nf6 7. O-O O-O 8.
Be3 b6 9. h3 Re8 10. Qd2 e5 11. Bh6 Qc7 12. Bxg7 Kxg7 13. Nh2 Nh5 14. Ne2 Be6
15. f4 exf4 16. Nxf4 Nxf4 17. Rxf4 Rad8 18. Rh4 f6 19. Qh6+ Kg8 20. Rf1 Qg7 21.
Qxg7+ Kxg7 22. Rhf4 Rf8 23. b3 a5 24. a4 b5 25. Ra1 b4 26. Raf1 Rde8 27. Ng4 f5
28. Ne3 fxe4 29. Rxf8 Rxf8 30. Rxf8 Kxf8 31. dxe4 Ke7 32. Kf2 h5 33. Ke2 Kf6
34. Kd3 Ke5 35. Nc4+ Kf4 36. Nxa5 Bd7 37. Nb7 Bc8 38. Nxc5 Kg3 39. e5 Kxg2 40.
e6 1-0

[Event "Gausdal Classics Elo"]
[Site "Gausdal NOR"]
[Date "2005.04.13"]
[Round "1"]
[White "Schaefer, Alexander"]
[Black "Andersen, Guttorm"]
[Result "1-0"]
[WhiteElo "2035"]
[BlackElo "1284"]
[PlyCount "75"]
[EventDate "2005.04.14"]
[EventType "swiss"]
[EventRounds "9"]
[EventCountry "NOR"]
[Source "lmi"]
[SourceDate "2005.04.22"]

1. e4 d5 2. exd5 Nf6 3. d4 Nxd5 4. c4 Nb6 5. h3 Bf5 6. Nc3 e6 7. Nf3 Nc6 8. a3
Qd7 9. Be2 Rd8 10. Be3 h6 11. O-O g5 12. d5 exd5 13. Bxb6 axb6 14. cxd5 Nb8 15.
Ne5 Qc8 16. Bb5+ c6 17. Qh5 Rh7 18. Rfe1 Be7 19. Rac1 Rd6 20. Na4 Kf8 21. Qf3
Rf6 22. dxc6 bxc6 23. Nxc6 Nxc6 24. Rxc6 Rxc6 25. Qxc6 Qxc6 26. Bxc6 Bf6 27. b4
g4 28. hxg4 Bxg4 29. Nxb6 Kg7 30. Nd5 Bb2 31. a4 Be6 32. Rb1 Ba3 33. Rb3 Bc1
34. Rg3+ Kf8 35. b5 Bg5 36. b6 Bxd5 37. Bxd5 f6 38. b7 1-0

[Event "Gausdal Classics Elo"]
[Site "Gausdal NOR"]
[Date "2005.04.13"]
[Round "1"]
[White "Schnabel, Ralf"]
[Black "Bue, Gunnar"]
[Result "1-0"]
[WhiteElo "2184"]
[BlackElo "1925"]
[PlyCount "59"]
[EventDate "2005.04.14"]
[EventType "swiss"]
[EventRounds "9"]
[EventCountry "NOR"]
[Source "lmi"]
[SourceDate "2005.04.22"]

1. e4 d6 2. d4 Nf6 3. Nc3 g6 4. f4 Bg7 5. Nf3 c5 6. dxc5 Qa5 7. Bd3 Qxc5 8. Qe2
O-O 9. Be3 Qa5 10. O-O Bg4 11. Qf2 Bxf3 12. Qxf3 Nbd7 13. a3 a6 14. Rae1 Rac8
15. Kh1 e6 16. Nd1 b5 17. c3 Qc7 18. Nf2 Nc5 19. Bb1 Na4 20. Bc1 Nb6 21. g4
Nbd7 22. g5 Nh5 23. Ng4 Kh8 24. Qg2 f6 25. f5 e5 26. gxf6 Ndxf6 27. fxg6 Nxg4
28. Qxg4 Nf6 29. Qh4 Kg8 30. Ba2+ 1-0

[Event "Gausdal Classics Elo"]
[Site "Gausdal NOR"]
[Date "2005.04.13"]
[Round "1"]
[White "Standal, Bard"]
[Black "Ayoub, Paul"]
[Result "1-0"]
[WhiteElo "1949"]
[BlackElo "1180"]
[PlyCount "61"]
[EventDate "2005.04.14"]
[EventType "swiss"]
[EventRounds "9"]
[EventCountry "NOR"]
[Source "lmi"]
[SourceDate "2005.04.22"]

1. Nf3 b6 2. g3 Bb7 3. Bg2 Nc6 4. O-O Nf6 5. d3 e6 6. Nbd2 d5 7. Re1 Bd6 8. e4
dxe4 9. dxe4 e5 10. Qe2 O-O 11. c3 Nd7 12. Nh4 f6 13. Nf5 Ne7 14. Nxd6 cxd6 15.
h4 f5 16. exf5 Bxg2 17. Kxg2 Nxf5 18. Ne4 Nc5 19. Bg5 Qe8 20. Rad1 Nxe4 21.
Qxe4 Qd7 22. Qxe5 dxe5 23. Rxd7 Rfe8 24. Re2 a6 25. Rd5 g6 26. Rdxe5 Rxe5 27.
Rxe5 Kf7 28. g4 Nd6 29. Re7+ Kg8 30. Re6 Nc4 31. b3 1-0

[Event "Gausdal Classics Elo"]
[Site "Gausdal NOR"]
[Date "2005.04.13"]
[Round "1"]
[White "Tjolsen, Katrine"]
[Black "Forsaa, Espen"]
[Result "0-1"]
[WhiteElo "1361"]
[BlackElo "2036"]
[PlyCount "48"]
[EventDate "2005.04.14"]
[EventType "swiss"]
[EventRounds "9"]
[EventCountry "NOR"]
[Source "lmi"]
[SourceDate "2005.04.22"]

1. c4 f5 2. Nc3 Nf6 3. Nf3 e6 4. g3 Be7 5. Bg2 O-O 6. O-O d6 7. d4 Ne4 8. Qc2
Nxc3 9. Qxc3 Bf6 10. Qc2 g5 11. Rd1 g4 12. Ne1 Nc6 13. e3 Qe7 14. Nd3 e5 15.
dxe5 dxe5 16. Bd2 a5 17. Bc3 Bg7 18. Qe2 e4 19. Bxg7 exd3 20. Rxd3 Kxg7 21.
Rad1 Ne5 22. Rd5 c6 23. R5d4 Be6 24. Qc2 Kg8 0-1

[Event "Gausdal Classics Elo"]
[Site "Gausdal NOR"]
[Date "2005.04.14"]
[Round "2"]
[White "Andersen, Guttorm"]
[Black "Gupta, Sudhir"]
[Result "0-1"]
[WhiteElo "1284"]
[BlackElo "1412"]
[PlyCount "102"]
[EventDate "2005.04.14"]
[EventType "swiss"]
[EventRounds "9"]
[EventCountry "NOR"]
[Source "lmi"]
[SourceDate "2005.04.22"]

1. e4 e6 2. d3 d5 3. Nd2 c5 4. g3 Nc6 5. Bg2 Nf6 6. Ne2 dxe4 7. Nxe4 Nxe4 8.
Bxe4 Qc7 9. O-O Bd6 10. f4 O-O 11. Be3 f5 12. Bg2 b6 13. Nc3 a6 14. Qf3 Bb7 15.
Qf2 Nb4 16. Rfe1 Bxg2 17. Qxg2 Rac8 18. Rad1 Qc6 19. d4 Qxg2+ 20. Kxg2 Nxc2 21.
Re2 Nxe3+ 22. Rxe3 Kf7 23. d5 Rfe8 24. Red3 e5 25. fxe5 Rxe5 26. a4 Rce8 27. b3
Re3 28. Kf2 Rxd3 29. Rxd3 Be5 30. Ne2 g6 31. h3 Rd8 32. Kf3 b5 33. Nf4 Bxf4 34.
Kxf4 Kf6 35. h4 h6 36. axb5 axb5 37. Rd1 g5+ 38. hxg5+ hxg5+ 39. Kf3 Rd6 40.
Ra1 Rxd5 41. Ke3 Ke5 42. Ra5 f4+ 43. gxf4+ gxf4+ 44. Ke2 b4 45. Ra8 Kd4 46. Kd2
Ke4+ 47. Kc2 Ke3 48. Re8+ Kf2 49. Rf8 f3 50. Rf7 Ke2 51. Re7+ Kf1 0-1

[Event "Gausdal Classics Elo"]
[Site "Gausdal NOR"]
[Date "2005.04.14"]
[Round "2"]
[White "Ayoub, Paul"]
[Black "Tjolsen, Katrine"]
[Result "0-1"]
[WhiteElo "1180"]
[BlackElo "1361"]
[PlyCount "66"]
[EventDate "2005.04.14"]
[EventType "swiss"]
[EventRounds "9"]
[EventCountry "NOR"]
[Source "lmi"]
[SourceDate "2005.04.22"]

1. e4 e6 2. Nf3 d5 3. exd5 exd5 4. d4 Bd6 5. Nc3 c6 6. Bd3 Ne7 7. O-O O-O 8.
Re1 Bf5 9. Bxf5 Nxf5 10. Qd3 Ne7 11. Ng5 Ng6 12. f4 Be7 13. Nf3 Re8 14. Ne5 Bd6
15. Rf1 Qc8 16. Rf3 c5 17. Nxd5 cxd4 18. Nxg6 fxg6 19. Bd2 Nc6 20. c3 Bc5 21.
c4 a5 22. a3 Qd7 23. Rb1 Ne7 24. b4 Nxd5 25. bxc5 Nf6 26. Rb5 a4 27. Rb1 Rac8
28. Bb4 Re4 29. Rf2 Re3 30. Qc2 Rce8 31. Rd2 Ng4 32. Rbd1 Re1+ 33. Rxe1 Rxe1#
0-1

[Event "Gausdal Classics Elo"]
[Site "Gausdal NOR"]
[Date "2005.04.14"]
[Round "2"]
[White "Bryn, Askild"]
[Black "Schnabel, Ralf"]
[Result "0-1"]
[WhiteElo "2027"]
[BlackElo "2184"]
[PlyCount "34"]
[EventDate "2005.04.14"]
[EventType "swiss"]
[EventRounds "9"]
[EventCountry "NOR"]
[Source "lmi"]
[SourceDate "2005.04.22"]

1. c4 Nf6 2. Nc3 d5 3. d4 g6 4. e3 Bg7 5. Nf3 O-O 6. b3 c5 7. Bb2 cxd4 8. Nxd4
a6 9. Be2 dxc4 10. Bxc4 b5 11. Be2 e5 12. Nf3 Nc6 13. Qxd8 Rxd8 14. O-O e4 15.
Ng5 Rd2 16. Rab1 h6 17. Bc1 Rc2 0-1

[Event "Gausdal Classics Elo"]
[Site "Gausdal NOR"]
[Date "2005.04.14"]
[Round "2"]
[White "Bue, Gunnar"]
[Black "Aandal, Kristian"]
[Result "0-1"]
[WhiteElo "1925"]
[BlackElo "1918"]
[PlyCount "82"]
[EventDate "2005.04.14"]
[EventType "swiss"]
[EventRounds "9"]
[EventCountry "NOR"]
[Source "lmi"]
[SourceDate "2005.04.22"]

1. d4 Nf6 2. c4 c5 3. Nf3 cxd4 4. Nxd4 e5 5. Nb3 Nc6 6. Nc3 Bb4 7. Bd2 Bxc3 8.
Bxc3 O-O 9. Qd3 d5 10. cxd5 Nxd5 11. e4 Ndb4 12. Bxb4 Nxb4 13. Qc3 Qb6 14. a3
Nc6 15. Bc4 Be6 16. O-O Bxc4 17. Qxc4 Rac8 18. Qa4 Ne7 19. Rac1 Ng6 20. g3 h5
21. Rc4 Qe6 22. Rfc1 Rxc4 23. Qxc4 Qg4 24. Nd2 h4 25. f3 Qg5 26. Nf1 hxg3 27.
hxg3 Nf4 28. Kf2 Nd3+ 29. Qxd3 Qxc1 30. Qb5 Qc7 31. Ne3 Qc1 32. Nd5 Qd2+ 33.
Kf1 Qg5 34. Kf2 Rc8 35. Ne3 Qh6 36. Ke2 Qh2+ 37. Kd3 Qxg3 38. Qd7 Rf8 39. Qf5
Rd8+ 40. Nd5 Qf2 41. Qxe5 Qxf3+ 0-1

[Event "Gausdal Classics Elo"]
[Site "Gausdal NOR"]
[Date "2005.04.14"]
[Round "2"]
[White "Carlsen, Ellen Oen"]
[Black "Hobber, Anders"]
[Result "0-1"]
[WhiteElo "1871"]
[BlackElo "1186"]
[PlyCount "68"]
[EventDate "2005.04.14"]
[EventType "swiss"]
[EventRounds "9"]
[EventCountry "NOR"]
[Source "lmi"]
[SourceDate "2005.04.22"]

1. e4 e6 2. d4 d5 3. Nd2 dxe4 4. Nxe4 Nf6 5. Ng3 c5 6. Nf3 Nc6 7. Bb5 Qa5+ 8.
c3 Qxb5 9. Ne2 cxd4 10. Nfxd4 Nxd4 11. Nxd4 Qb6 12. O-O Bd7 13. Re1 Bc5 14. Qc2
Bxd4 15. cxd4 Rc8 16. Qd2 O-O 17. b3 Rfd8 18. Bb2 Bc6 19. Qg5 Rd5 20. Qg3 Qc7
21. Re5 Nd7 22. Rg5 Qxg3 23. Rxg3 Nf6 24. Rc1 Bd7 25. Rxc8+ Bxc8 26. Rc3 Bd7
27. Rc1 Rd6 28. a4 Rc6 29. Re1 Kf8 30. f4 Rc2 31. Ba3+ Ke8 32. f5 Rd2 33. fxe6
Bxe6 34. Rc1 Nd5 0-1

[Event "Gausdal Classics Elo"]
[Site "Gausdal NOR"]
[Date "2005.04.14"]
[Round "2"]
[White "Forsaa, Espen"]
[Black "Standal, Bard"]
[Result "0-1"]
[WhiteElo "2036"]
[BlackElo "1949"]
[PlyCount "68"]
[EventDate "2005.04.14"]
[EventType "swiss"]
[EventRounds "9"]
[EventCountry "NOR"]
[Source "lmi"]
[SourceDate "2005.04.22"]

1. d4 Nf6 2. Nc3 g6 3. Bg5 Bg7 4. e4 h6 5. Bh4 g5 6. Bg3 d6 7. Bd3 Nc6 8. d5
Ne5 9. Bxe5 dxe5 10. Bb5+ Bd7 11. Qd3 a6 12. Bxd7+ Qxd7 13. h4 g4 14. h5 Nh7
15. Nge2 O-O 16. Ng3 Rad8 17. Nf5 e6 18. Nxg7 Kxg7 19. Qg3 exd5 20. Qxe5+ f6
21. Qxd5 Qc8 22. Qc4 b5 23. Qe2 b4 24. Nd5 Rxd5 25. exd5 Re8 26. Qe3 Rxe3+ 27.
fxe3 Qe8 28. O-O-O Ng5 29. d6 cxd6 30. Rxd6 Qxe3+ 31. Kb1 Ne4 32. Rd7+ Kf8 33.
Rhd1 Qe2 34. Rd8+ Ke7 0-1

[Event "Gausdal Classics Elo"]
[Site "Gausdal NOR"]
[Date "2005.04.14"]
[Round "2"]
[White "Svensen, Tarjei Joten"]
[Black "Johansson, Per"]
[Result "1-0"]
[WhiteElo "2099"]
[BlackElo "2048"]
[PlyCount "115"]
[EventDate "2005.04.14"]
[EventType "swiss"]
[EventRounds "9"]
[EventCountry "NOR"]
[Source "lmi"]
[SourceDate "2005.04.22"]

1. d4 d5 2. c4 c6 3. Nc3 Nf6 4. Nf3 dxc4 5. a4 Bf5 6. e3 e6 7. Bxc4 Bb4 8. O-O
Nbd7 9. Qe2 Bg4 10. e4 O-O 11. Rd1 Qe7 12. Bg5 e5 13. d5 Rfd8 14. Bb3 Nf8 15.
h3 Bxf3 16. Qxf3 Ng6 17. Qf5 h6 18. Bxh6 cxd5 19. exd5 Qd7 20. Qxd7 Rxd7 21.
Be3 Ne7 22. d6 Nf5 23. Nd5 Nxd5 24. Rxd5 Nxe3 25. fxe3 Rxd6 26. Rxe5 Kf8 27.
Rf1 Rf6 28. Rxf6 gxf6 29. Rb5 Bd2 30. Rxb7 Bxe3+ 31. Kf1 Bd4 32. Rxf7+ Ke8 33.
Rg7 Rd8 34. Bc4 a5 35. b3 Bc3 36. Rc7 Bb4 37. Kf2 Rd4 38. Kf3 Kd8 39. Rf7 Be7
40. g3 Kd7 41. h4 Rd1 42. h5 Rh1 43. Rh7 Kd6 44. Kg2 Rd1 45. g4 Rd2+ 46. Kg3
Rd1 47. Rh8 Kd7 48. Kf4 Rd2 49. h6 Bd6+ 50. Kf3 Rh2 51. h7 f5 52. gxf5 Be5 53.
Be6+ Ke7 54. Ra8 Bc3 55. Ke4 Kd6 56. Rd8+ Ke7 57. Rd7+ Kf8 58. f6 1-0

[Event "Gausdal Classics Elo"]
[Site "Gausdal NOR"]
[Date "2005.04.14"]
[Round "2"]
[White "Tallaksen, Levi Andre"]
[Black "Nyland, Thomas"]
[Result "1-0"]
[WhiteElo "1391"]
[BlackElo "2090"]
[PlyCount "31"]
[EventDate "2005.04.14"]
[EventType "swiss"]
[EventRounds "9"]
[EventCountry "NOR"]
[Source "lmi"]
[SourceDate "2005.04.22"]

1. d4 d5 2. c4 c6 3. Nc3 Bf5 4. cxd5 cxd5 5. Qb3 Nc6 6. e3 e6 7. Qxb7 Qc8 8.
Ba6 Nge7 9. Qxc8+ Nxc8 10. Bb7 Nb4 11. Bxa8 Nc2+ 12. Kd2 Nxa1 13. e4 dxe4 14.
Bxe4 Nd6 15. Bxf5 Nxf5 16. Nge2 1-0

[Event "Gausdal Classics Elo"]
[Site "Gausdal NOR"]
[Date "2005.04.14"]
[Round "2"]
[White "Valla, Martin"]
[Black "Schaefer, Alexander"]
[Result "1-0"]
[WhiteElo "2050"]
[BlackElo "2035"]
[PlyCount "69"]
[EventDate "2005.04.14"]
[EventType "swiss"]
[EventRounds "9"]
[EventCountry "NOR"]
[Source "lmi"]
[SourceDate "2005.04.22"]

1. d4 Nf6 2. c4 e6 3. Nc3 Bb4 4. Qc2 O-O 5. a3 Bxc3+ 6. Qxc3 b6 7. Bg5 Bb7 8.
f3 d5 9. e3 Nbd7 10. cxd5 exd5 11. Bb5 c6 12. Ba4 h6 13. Bh4 Ne4 14. Bxd8 Nxc3
15. bxc3 Raxd8 16. Nh3 Rfe8 17. Kd2 Re7 18. Rhe1 c5 19. Rac1 g5 20. Nf2 Nf6 21.
Bc2 Kg7 22. Bf5 Ne8 23. h4 Nd6 24. Bd3 gxh4 25. Rh1 c4 26. Bc2 Rde8 27. Rce1
Bc8 28. Rxh4 f5 29. Nh3 Bd7 30. Nf4 Bc6 31. Rh5 Rf8 32. g4 fxg4 33. Rg1 Bd7 34.
Ng6 Ref7 35. Nxf8 1-0

[Event "Gausdal Classics Elo"]
[Site "Gausdal NOR"]
[Date "2005.04.15"]
[Round "3"]
[White "Aandal, Kristian"]
[Black "Forsaa, Espen"]
[Result "1/2-1/2"]
[WhiteElo "1918"]
[BlackElo "2036"]
[PlyCount "36"]
[EventDate "2005.04.14"]
[EventType "swiss"]
[EventRounds "9"]
[EventCountry "NOR"]
[Source "lmi"]
[SourceDate "2005.04.22"]

1. d4 f5 2. Nc3 d5 3. Bf4 Nf6 4. e3 c6 5. Nf3 e6 6. Bd3 Be7 7. O-O O-O 8. Ne5
Nbd7 9. Ne2 Nxe5 10. Bxe5 Ng4 11. Bg3 g5 12. c4 h5 13. h3 Nf6 14. f3 Rf7 15.
Qc2 g4 16. Nf4 Bd6 17. c5 Bc7 18. Bh4 Qe8 1/2-1/2

[Event "Gausdal Classics Elo"]
[Site "Gausdal NOR"]
[Date "2005.04.15"]
[Round "3"]
[White "Hobber, Anders"]
[Black "Bue, Gunnar"]
[Result "1-0"]
[WhiteElo "1186"]
[BlackElo "1925"]
[PlyCount "61"]
[EventDate "2005.04.14"]
[EventType "swiss"]
[EventRounds "9"]
[EventCountry "NOR"]
[Source "lmi"]
[SourceDate "2005.04.22"]

1. e4 d6 2. d4 Nf6 3. Nc3 g6 4. f4 Bg7 5. Nf3 c5 6. dxc5 Qa5 7. Bd3 Qxc5 8. Qe2
O-O 9. Be3 Qa5 10. Bd2 Qd8 11. Rb1 Bg4 12. h3 Bxf3 13. Qxf3 Nc6 14. O-O Nd4 15.
Qf2 Ne6 16. Be3 a6 17. f5 Nc7 18. Qh4 b5 19. Bh6 b4 20. Ne2 Nb5 21. g4 Qb6+ 22.
Kh1 Qc6 23. Bxg7 Kxg7 24. g5 Nh5 25. Ng3 Nxg3+ 26. Qxg3 gxf5 27. Qh4 e6 28.
Qh6+ Kg8 29. Rf4 f6 30. gxf6 Kh8 31. Qg7# 1-0

[Event "Gausdal Classics Elo"]
[Site "Gausdal NOR"]
[Date "2005.04.15"]
[Round "3"]
[White "Johansson, Per"]
[Black "Carlsen, Ellen Oen"]
[Result "0-1"]
[WhiteElo "2048"]
[BlackElo "1871"]
[PlyCount "92"]
[EventDate "2005.04.14"]
[EventType "swiss"]
[EventRounds "9"]
[EventCountry "NOR"]
[Source "lmi"]
[SourceDate "2005.04.22"]

1. d4 f5 2. Nf3 Nf6 3. c4 g6 4. g3 Bg7 5. Bg2 O-O 6. O-O d6 7. Nc3 c6 8. Re1
Ne4 9. Qc2 Nxc3 10. Qxc3 Na6 11. Qc2 h6 12. e4 fxe4 13. Qxe4 g5 14. Qxe7 Qxe7
15. Rxe7 Bg4 16. Re3 Nb4 17. h3 Bf5 18. Ne1 Bxd4 19. Re2 Rae8 20. Be3 Bxe3 21.
fxe3 Be4 22. a3 Na6 23. Rd1 Rf6 24. Nd3 Rfe6 25. Ne1 Nc5 26. b4 Bxg2 27. Nxg2
Ne4 28. Rd3 Nxg3 29. Red2 Ne4 30. Rd1 Rf8 31. Rf1 Rxf1+ 32. Kxf1 Rf6+ 33. Kg1
Nf2 34. Rd4 Nxh3+ 35. Kh2 Nf2 36. Kg3 h5 37. Nf4 gxf4+ 38. Kxf2 fxe3+ 39. Kxe3
Kg7 40. Re4 Kf7 41. Rh4 Rf5 42. Kd4 Rg5 43. Rf4+ Kg6 44. Rf8 Rg4+ 45. Ke3 Rxc4
46. Rb8 b6 0-1

[Event "Gausdal Classics Elo"]
[Site "Gausdal NOR"]
[Date "2005.04.15"]
[Round "3"]
[White "Nyland, Thomas"]
[Black "Svensen, Tarjei Joten"]
[Result "1/2-1/2"]
[WhiteElo "2090"]
[BlackElo "2099"]
[PlyCount "97"]
[EventDate "2005.04.14"]
[EventType "swiss"]
[EventRounds "9"]
[EventCountry "NOR"]
[Source "lmi"]
[SourceDate "2005.04.22"]

1. e4 e6 2. Nf3 d5 3. exd5 exd5 4. d4 Bd6 5. Bd3 Bg4 6. O-O Nc6 7. c3 Nge7 8.
Bg5 f6 9. Bh4 Qd7 10. Nbd2 O-O-O 11. b4 Rde8 12. Qa4 Kb8 13. Qb3 g5 14. Bg3 Bf4
15. Rfe1 h5 16. Bxf4 gxf4 17. Nh4 Rhg8 18. Kh1 Rg5 19. g3 fxg3 20. hxg3 Reg8
21. Re3 Bf5 22. Ndf3 Bxd3 23. Rxd3 Qh3+ 24. Nh2 Rg4 25. N4f3 Re4 26. Ng1 Qe6
27. Qd1 h4 28. g4 f5 29. f3 Re3 30. Qd2 Rxd3 31. Qxd3 fxg4 32. fxg4 Ng6 33. Rf1
Nce7 34. Nh3 Qd6 35. Qe3 a6 36. Rf7 Rf8 37. Rxf8+ Nxf8 38. Qf4 Qd8 39. Qf6 Nfg6
40. Nf3 Qd7 41. Ne5 Nxe5 42. dxe5 Qxg4 43. Nf2 Qf5 44. Qxe7 Qxf2 45. Qd8+ Ka7
46. Qxd5 Qe1+ 47. Kg2 Qg3+ 48. Kf1 h3 49. Qc5+ 1/2-1/2

[Event "Gausdal Classics Elo"]
[Site "Gausdal NOR"]
[Date "2005.04.15"]
[Round "3"]
[White "Schaefer, Alexander"]
[Black "Gupta, Sudhir"]
[Result "1/2-1/2"]
[WhiteElo "2035"]
[BlackElo "1412"]
[PlyCount "97"]
[EventDate "2005.04.14"]
[EventType "swiss"]
[EventRounds "9"]
[EventCountry "NOR"]
[Source "lmi"]
[SourceDate "2005.04.22"]

1. e4 e6 2. d4 d5 3. Nc3 dxe4 4. Nxe4 Nf6 5. Bd3 Be7 6. Nf3 Nc6 7. c3 Bd7 8.
Qc2 h6 9. O-O Nxe4 10. Bxe4 O-O 11. Be3 Re8 12. Rae1 Bd6 13. Bc1 Qf6 14. Re2
Bf4 15. Bxf4 Qxf4 16. Ne5 Nxe5 17. dxe5 Rab8 18. Rd1 Bb5 19. c4 Ba6 20. Rd4 Qg5
21. h4 Qe7 22. Red2 Red8 23. Qd3 Rxd4 24. Qxd4 c5 25. Qd6 Qxd6 26. exd6 Rd8 27.
b3 b5 28. cxb5 Bxb5 29. Rc2 Rxd6 30. Rxc5 Bd7 31. g3 Kf8 32. Bb7 Rb6 33. Bf3
Ra6 34. a4 Rb6 35. Rc7 Rxb3 36. Rxd7 Rxf3 37. Kg2 Ra3 38. Rxa7 g5 39. hxg5 hxg5
40. a5 Kg7 41. a6 Kf6 42. Kh3 Ra2 43. Kg2 Ke5 44. Rxf7 Rxa6 45. Kh3 Ra4 46. f3
Rd4 47. Rf8 Rb4 48. Rf7 Rd4 49. Rf8 1/2-1/2

[Event "Gausdal Classics Elo"]
[Site "Gausdal NOR"]
[Date "2005.04.15"]
[Round "3"]
[White "Schnabel, Ralf"]
[Black "Tallaksen, Levi Andre"]
[Result "1-0"]
[WhiteElo "2184"]
[BlackElo "1391"]
[PlyCount "165"]
[EventDate "2005.04.14"]
[EventType "swiss"]
[EventRounds "9"]
[EventCountry "NOR"]
[Source "lmi"]
[SourceDate "2005.04.22"]

1. e4 e5 2. Nf3 Nf6 3. Nxe5 d6 4. Nc4 Nxe4 5. d4 Be7 6. Bd3 Nf6 7. c3 b6 8. Qc2
Bb7 9. Nbd2 Nbd7 10. Nf3 Qb8 11. Be3 Bc6 12. O-O-O Qb7 13. Qe2 a5 14. Bf4 Nd5
15. Bxd6 Kd8 16. Bxe7+ Nxe7 17. Ng5 Bd5 18. Be4 Rf8 19. Rhe1 Nf6 20. Bf3 Ng6
21. Ne5 Kc8 22. c4 Bxf3 23. Qxf3 Qxf3 24. Ngxf3 Nxe5 25. Rxe5 Ng4 26. Re2 f5
27. h3 Nf6 28. Re7 Rg8 29. Ng5 Kd8 30. Rf7 Ne8 31. Rxf5 Nf6 32. Re1 h6 33. Nf3
Kc8 34. Rfe5 Kb7 35. d5 Raf8 36. Kc2 g5 37. Re7 Kc8 38. Nd4 Nd7 39. f3 Nc5 40.
Ne6 Nxe6 41. R1xe6 h5 42. Rc6 g4 43. Rcxc7+ Kb8 44. hxg4 hxg4 45. Rb7+ Ka8 46.
Ra7+ Kb8 47. Reb7+ Kc8 48. Rf7 Kb8 49. Rab7+ Ka8 50. Rxf8+ Rxf8 51. Rxb6 gxf3
52. gxf3 Rxf3 53. Ra6+ Kb7 54. Rxa5 Kb6 55. Rb5+ Kc7 56. a4 Rf8 57. a5 Ra8 58.
Kc3 Kd6 59. Rb6+ Kc7 60. b4 Rh8 61. Kd4 Ra8 62. Kc5 Kd7 63. a6 Kc7 64. Rb7+ Kd8
65. a7 Kc8 66. Rh7 Rxa7 67. Rxa7 Kd8 68. Kd6 Ke8 69. b5 Kf8 70. b6 Ke8 71. Rc7
Kd8 72. b7 Ke8 73. c5 Kf8 74. c6 Ke8 75. Rd7 Kf8 76. c7 Kg8 77. Re7 Kh8 78. Ke6
Kg8 79. d6 Kf8 80. d7 Kg8 81. Kf6 Kh8 82. Kg6 Kg8 83. Re8# 1-0